书目信息 |
| 题名: |
化学元素周期律的形成和发展
|
|
| 作者: | 凌永乐 编著 | |
| 分册: | ||
| 出版信息: | 北京 科学出版社 1979 |
|
| 页数: | 154页 | |
| 开本: | 19cm | |
| 丛书名: | 化学知识丛书 | |
| 单 册: | ||
| 中图分类: | O6-64 | |
| 科图分类: | ||
| 主题词: | 化学元素周期律-化学史--研究 , 化学史-化学元素周期律--研究 | |
| 电子资源: | ||
| ISBN: | ||
| 000 | 00729nam2 2200253 45 | |
| 001 | 0179000581 | |
| 005 | 20060731152141.46 | |
| 010 | @dCNY0.45 | |
| 091 | @aCN@b13031.1082 | |
| 100 | @a19950726d1979 em y0chiy0121 ea | |
| 101 | 0 | @achi |
| 102 | @aCN@b110000 | |
| 105 | @ay z 000yy | |
| 200 | 10 | @a化学元素周期律的形成和发展@Ahua xue yuan su zhou qi lv de xing cheng he fa zhan@f凌永乐编著 |
| 210 | @a北京@c科学出版社@d1979 | |
| 215 | @a154页@d19cm | |
| 225 | 2 | @a化学知识丛书 |
| 410 | 0 | @120010@a化学知识丛书 |
| 606 | @a化学元素周期律-化学史@x研究 | |
| 606 | @a化学史-化学元素周期律@x研究 | |
| 690 | @aO6-64@v3 | |
| 701 | 0 | @a凌永乐@Aling yong le@4编著 |
| 801 | 0 | @aCN@bTSSF@c20060731 |
| 905 | @a10447@dO6-64@e329 | |
| 化学元素周期律的形成和发展/凌永乐编著.-北京:科学出版社,1979 |
| 154页;19cm.-(化学知识丛书) |
| ISBN :CNY0.45 |
| ● |
| 相关链接 |
|
|
|
|
正题名:化学元素周期律的形成和发展
索取号:O6-64/329
 
预约/预借
| 序号 | 登录号 | 条形码 | 馆藏地/架位号 | 状态 | 备注 |
| 1 | 0443122 | 204431221 | 密集书库/ [索取号:O6-64/329] | 在馆 | |
| 2 | 0443123 | 204431230 | 密集书库/ [索取号:O6-64/329] | 在馆 | |
| 3 | 0443124 | 204431249 | 密集书库/ [索取号:O6-64/329] | 在馆 |